Contabilidad de los cambios extranjeros / (Record no. 46943)

MARC details
000 -LEADER
campo de control de longitud fija 00819nam a2200205 i 4500
001 - NÚMERO DE CONTROL
campo de control 46943
003 - IDENTIFICADOR DE NÚMERO DE CONTROL
campo de control ES-MaACL
005 - FECHA Y HORA DE LA ÚLTIMA TRANSACCIÓN
campo de control 20230906161455.0
007 - CAMPO FIJO DE DESCRIPCIÓN FÍSICA--INFORMACIÓN GENERAL
campo de control de longitud fija t|
008 - DATOS DE LONGITUD FIJA--INFORMACIÓN GENERAL
campo de control de longitud fija 030402q19501959sp ||||1| spa d
110 2# - ENTRADA PRINCIPAL--NOMBRE DE ENTIDAD CORPORATIVA
Nombre de entidad corporativa o nombre de jurisdicción como elemento de entrada International Correspondence Schools.
9 (RLIN) 5267
245 10 - MENCIÓN DEL TÍTULO
Título Contabilidad de los cambios extranjeros /
Mención de responsabilidad, etc. Escuelas Internacionales (International Correspondence Schools System) ; [Traducción y adaptación al Español por CEDECO. Centro Español de Enseñanza por Correspondencia].
250 ## - MENCION DE EDICION
Mención de edición 1ª ed.
260 ## - PUBLICACIÓN, DISTRIBUCIÓN, ETC.
Lugar de publicación, distribución, etc. Madrid :
Nombre del editor, distribuidor, etc. Escuelas Internacionales,
Fecha de publicación, distribución, etc. [195?] (
Fabricante Aldus)
300 ## - DESCRIPCIÓN FÍSICA
Extensión 2 fasc. ;
Dimensiones 23 cm.
500 ## - NOTA GENERAL
Nota general Parte 1ª y 2ª.
650 #4 - PUNTO DE ACCESO ADICIONAL DE MATERIA--TÉRMINO DE MATERIA
Término de materia o nombre geográfico como elemento de entrada Cambio exterior-
Subdivisión general Contabilidad.
9 (RLIN) 165714
710 2# - ENTRADA AGREGADA--NOMBRE DE ENTIDAD CORPORATIVA
Nombre de entidad corporativa o nombre de jurisdicción como elemento de entrada Centro Español de Enseñanza por Correspondencia.
9 (RLIN) 2729
852 ## - LOCALIZACIÓN
Ubicación ES-MaACL
Número de control de estantería 1918-F-15-16
Holdings
Estatus retirado Estado de pérdida Estado de daño No para préstamo Colección Biblioteca de origen Biblioteca actual Ubicación en estantería Fecha de adquisición Fuente de adquisición Total de préstamos Signatura topográfica completa Código de barras Visto por última vez Precio de reemplazo Tipo de ítem Koha
        Colección de folletos Biblioteca del Ateneo de Madrid Biblioteca del Ateneo de Madrid Depósito folletos 17/01/2008     1918-F-15-16 1049371 23/02/2023 23/02/2023 Folleto